000
00280nam a2200109Ia 4500
008
231011s9999 xx 000 0 und d
041
_a
eng
100
_a
Kudryavtsev.
245
_a
A Brief Course Higher Mathematics Domidovich.
260
_b
MIR Publishar Moscow. -
365
_b
22
999
_c
883345
_d
883345